History Quiz

Random History or Century Quiz

TIME Cover Stories - World Historical Figures Quiz Stats

 Plays Quiz Updated Apr 5, 2018

Score 0/20 Timer 06:00
2 Plays Today
% Correct
Nelson Mandela
95.5%
Margaret Thatcher
91.9%
Queen Elizabeth II
90.4%
Vladimir Putin
86.3%
Mikhail Gorbachev
80.4%
Kofi Annan
75.2%
Pope John Paul II
73.7%
Manuel Noriega
72.9%
Kim Jong-Il
72%
Ayatullah Khomeini
71%
% Correct
Saddam Hussein
67%
Muammar Gaddafi
62%
Winston Churchill
60.4%
Adolf Hitler
58.2%
Che Guevara
54.9%
Emperor Hirohito
52.3%
Indira Gandhi
36.8%
Chiang Kai-shek
36.4%
Konrad Adenauer
22.9%
Charles de Gaulle
16.1%

You're not logged in!

Compare scores with friends on all Sporcle quizzes.
OR
Log In

Show Comments

Extras

Top Quizzes Today


Score Distribution

Your Account Isn't Verified!

In order to create a playlist on Sporcle, you need to verify the email address you used during registration. Go to your Sporcle Settings to finish the process.

Report this User

Report this user for behavior that violates our Community Guidelines.

Details: